| 000 | 01138nam a2200205Ia 4500 | ||
|---|---|---|---|
| 003 | Ost | ||
| 005 | 20260507075647.0 | ||
| 008 | 260507s9999||||xx |||||||||||||| ||und|| | ||
| 040 | _cfsecg | ||
| 041 | _aara | ||
| 082 | _a335.4 | ||
| 100 |
_aغريب، حسن خليل _eمؤلف |
||
| 245 | 0 |
_aالماركسية بين الأمة والأممية : _bنحو طاولة الأجور بين مشروعي القومي والماركسي / _c حسن خليل غريب |
|
| 260 |
_aبيروت: _bدار الطليعة للطباعة والنشر, _c2002 |
||
| 300 |
_a2016 صفحة؛ _bإيضاحات ؛ _c23 سم |
||
| 520 | _aمقدمات ماركسية فكرية حول المسألة القومية- مواقف الاحزاب الشيوعية العربية من المسألة القومية- محطات نقدية حول الفكر الماركسي وموقفه من المسألة وقضايا الامة العربية- الماركسية بين خياريين مركزيين الحلم الاممي أو الواقع القومي. | ||
| 653 | _aالفكر الماركسي | ||
| 653 | _aالماركسية | ||
| 942 | _cكتاب | ||
| 999 |
_c45518 _d45518 |
||